[Event "45th FIDE Chess Olympiad Open"]
[Site "Budapest, Hungary"]
[Date "2024.09.13"]
[Round "3.58"]
[White "Pelletier, Yannick"]
[Black "Sarana, Alexey"]
[Result "1/2-1/2"]
[WhiteElo "2526"]
[BlackElo "2713"]
[PlyCount "120"]
[EventDate "2024.??.??"]
[WhiteTeam "Switzerland"]
[BlackTeam "Serbia"]
[WhiteTeamCountry "SUI"]
[BlackTeamCountry "SRB"]
[WhiteClock "0:00:42"]
[BlackClock "0:18:13"]

1. c4 e6 2. g3 d5 3. Bg2 Nf6 4. Nf3 Be7 5. d4 O-O 6. O-O c6 7. Qc2 b6 8. Rd1 Bb7 9. b3 Nbd7 10. Nc3 Ba6 11. Bf4 ({RR} 11. Bb2 Qc7 12. e4 dxc4 13. bxc4 Bxc4 14. Nd2 Ba6 15. e5 Ne8 16. Rac1 Rc8 17. Be4 g6 18. Qa4 Qb7 19. Bg2 Nb8 20. Nce4 Be2 21. Re1 Qa6 22. Qb3 Qb5 23. Qc3 Qd3 24. Rxe2 Qxe2 25. Nc4 Qh5 {Wang,H (2726)-Maghsoodloo,P (2664) Douglas 2019 ½-½ (49)}) 11... dxc4 ({RR} 11... Rc8 12. e4 dxc4 13. Nd2 b5 14. bxc4 bxc4 15. Bf1 Nb6 16. Nf3 Bb4 17. Na4 Bb5 18. Nc5 Bxc5 19. dxc5 Nbd7 20. Bd6 Re8 21. Nd4 Qa5 22. e5 Nd5 23. a4 Ba6 24. Bxc4 Bxc4 25. Qxc4 Nf8 26. h4 {Lysyj,I (2589)-Maksimenko,V (2148) chess.com INT 2024 1-0 (40)}) 12. bxc4 Qc8 $146 ({RR} 12... Bxc4 13. Nd2 Ba6 14. Bxc6 Rc8 15. Qa4 Nh5 16. Be5 Nxe5 17. dxe5 Qc7 18. Qxa6 Qxc6 19. Rac1 Bb4 20. Nce4 Qxc1 21. Rxc1 Rxc1+ 22. Kg2 Bxd2 23. Nxd2 Rc5 24. Nf3 Ra5 25. Qc4 g6 26. g4 Rc5 27. Qe4 {Papaioannou,I (2520)-Anastasian,A (2560) Panormo 1998 1-0 (58)}) 13. Qb3 Rd8 14. e4 Ne8 15. e5 Rb8 16. a4 Nf8 17. Rac1 Rb7 18. Ne4 Rbd7 19. c5 bxc5 20. dxc5 Bc4 21. Qb1 Rxd1+ 22. Rxd1 Bd5 23. Nd6 Qd7 24. Rd4 a5 25. Rd2 Qa7 26. Rb2 Bxd6 27. cxd6 c5 28. Bd2 Qa8 29. Ne1 f6 30. f4 Nd7 31. Bc3 c4 32. Bxd5 Qxd5 33. Rb5 Qc6 34. Qa2 Qe4 35. Qf2 g5 36. Qf3 Qxf3 37. Nxf3 gxf4 38. gxf4 Ng7 39. exf6 Nf5 40. Be5 c3 41. Rb7 Nxd6 42. Bxd6 Nxf6 43. Ba3 Rd1+ 44. Kf2 Ra1 45. Rb8+ Kg7 46. Bf8+ Kg6 47. Nd4 Rxa4 48. Ne2 Rc4 49. Ba3 c2 50. Bc1 Nd5 51. Rf8 a4 52. Kf3 Nb4 53. Ke3 Na2 54. Kd3 Nxc1+ 55. Nxc1 Kg7 56. Rf5 Rb4 57. Rg5+ Kf6 58. Rg4 a3 59. Rh4 Ra4 60. Na2 c1=Q 1/2-1/2

[Event "45th FIDE Chess Olympiad Open"]
[Site "Budapest, Hungary"]
[Date "2024.09.13"]
[Round "3.59"]
[White "Indjic, Aleksandar"]
[Black "Peng, Li Min"]
[Result "1-0"]
[WhiteElo "2611"]
[BlackElo "2514"]
[PlyCount "133"]
[EventDate "2024.??.??"]
[WhiteTeam "Serbia"]
[BlackTeam "Switzerland"]
[WhiteTeamCountry "SRB"]
[BlackTeamCountry "SUI"]
[WhiteClock "0:05:13"]
[BlackClock "0:01:27"]

1. c4 Nf6 2. Nc3 d5 3. cxd5 Nxd5 4. Nf3 e6 5. e4 Nxc3 6. bxc3 c5 7. Rb1 ({RR} 7. Bc4 a6 8. a4 b6 9. O-O Bb7 10. Re1 Qc7 11. Qe2 Be7 12. d4 O-O 13. d5 exd5 14. exd5 Bd6 15. Bd3 Nd7 16. c4 Rae8 17. Qxe8 Rxe8 18. Rxe8+ Nf8 19. Bf5 b5 20. axb5 axb5 21. Bd2 b4 {Ganguly,S (2627)-Zhu,J (2478) Wijk aan Zee 2022 1-0 (36)}) 7... Nc6 $146 ({RR} 7... b6 8. Bb5+ Bd7 9. Qa4 Qc7 10. O-O Bxb5 11. Qxb5+ Qc6 12. d4 Qxb5 13. Rxb5 Nd7 14. Bf4 Rc8 15. d5 exd5 16. exd5 f6 17. c4 Kf7 18. Re1 Be7 19. Rb3 Rhe8 20. Ra3 a5 21. Rae3 Bf8 22. Re6 {Liska,J (1940)-Molnar,L (1800) Pardubice 2010 1-0 (49)}) 8. d4 cxd4 9. cxd4 Bb4+ 10. Bd2 Bxd2+ 11. Qxd2 O-O 12. Bb5 Qd6 13. O-O Rd8 14. Rfd1 a6 15. Bxc6 Qxc6 16. Qa5 Bd7 17. d5 exd5 18. exd5 Qa4 19. Qb6 Bf5 20. Ra1 Qb5 21. Qd4 Rd6 22. a4 Qb6 23. g4 Qxd4 24. Rxd4 Bg6 25. Nh4 Rad8 26. Rad1 Bc2 27. Rc1 Bb3 28. Nf5 R6d7 29. Ne3 g6 30. g5 h5 31. gxh6 f5 32. Rb4 Bxd5 33. Nxd5 Rxd5 34. Rxb7 Rd1+ 35. Rxd1 Rxd1+ 36. Kg2 Rd4 37. a5 Ra4 38. Kg3 g5 39. Rg7+ Kh8 40. Rxg5 Rxa5 41. Rg6 Kh7 42. Rf6 Ra1 43. f3 Rg1+ 44. Kf4 Rh1 45. Rxa6 Rxh2 46. Kxf5 Rh5+ 47. Ke4 Rb5 48. f4 Rb1 49. f5 Re1+ 50. Kf4 Rf1+ 51. Kg5 Rg1+ 52. Kf6 Rf1 53. Ra8 Rb1 54. Re8 Rb2 55. Rd8 Ra2 56. Rd1 Ra3 57. Re1 Ra2 58. Re8 Ra1 59. Rd8 Ra2 60. Ke7 Re2+ 61. Kf7 Ra2 62. f6 Ra7+ 63. Ke6 Ra6+ 64. Ke7 Ra7+ 65. Rd7 Ra1 66. f7 Re1+ 67. Kd8 1-0

[Event "45th FIDE Chess Olympiad Open"]
[Site "Budapest, Hungary"]
[Date "2024.09.13"]
[Round "3.60"]
[White "Georgiadis, Nico"]
[Black "Ivic, Velimir"]
[Result "1/2-1/2"]
[WhiteElo "2510"]
[BlackElo "2599"]
[PlyCount "46"]
[EventDate "2024.??.??"]
[WhiteTeam "Switzerland"]
[BlackTeam "Serbia"]
[WhiteTeamCountry "SUI"]
[BlackTeamCountry "SRB"]
[WhiteClock "0:12:47"]
[BlackClock "0:18:01"]

1. c4 Nf6 2. g3 e5 3. Bg2 c6 4. Nf3 e4 5. Nd4 Qb6 6. Nb3 a5 7. d3 Bb4+ 8. Nc3 a4 9. Nd2 exd3 10. exd3 O-O 11. O-O Qa5 12. Qc2 $146 ({RR} 12. Nce4 Nxe4 13. dxe4 Re8 14. Qc2 d6 15. Nf3 Qh5 16. Nd4 Nd7 17. Bf4 Ne5 18. Rad1 Bc5 19. f3 f5 20. exf5 Bxf5 21. Qc3 Bh3 22. Be3 Bxg2 23. Kxg2 Qf7 24. b3 axb3 25. axb3 Nxc4 26. Bg1 Ra2+ {Degerman,L (2422)-Blomqvist,E (2520) Stockholm SWE 2024 1-0 (38)}) ({RR} 12. Nde4 Nxe4 13. dxe4 a3 14. Ne2 d6 15. Nf4 Nd7 16. b3 Ne5 17. h3 f5 18. Be3 Bd7 19. Nd3 Nxd3 20. Qxd3 Rae8 21. Kh2 fxe4 22. Bxe4 Qh5 23. Rh1 Kh8 24. Kg2 Rxe4 25. Qxe4 Bf5 26. Qe7 Re8 {Bach,M (2247)-Romanov,E (2654) Bad Wiessee 2013 0-1 (36)}) 12... d5 13. d4 Be6 14. c5 b6 15. cxb6 Nbd7 16. b7 Ra7 17. Ne2 Rxb7 18. a3 Be7 19. Nf4 c5 20. Nf3 Ne4 21. Nd2 Nef6 22. Nf3 Ne4 23. Nd2 Nef6 1/2-1/2

[Event "45th FIDE Chess Olympiad Open"]
[Site "Budapest, Hungary"]
[Date "2024.09.13"]
[Round "3.61"]
[White "Supi, Luis Paulo"]
[Black "Martirosyan, Haik M."]
[Result "1/2-1/2"]
[WhiteElo "2570"]
[BlackElo "2667"]
[PlyCount "64"]
[EventDate "2024.??.??"]
[WhiteTeam "Brazil"]
[BlackTeam "Armenia"]
[WhiteTeamCountry "BRA"]
[BlackTeamCountry "ARM"]
[WhiteClock "0:14:32"]
[BlackClock "0:17:01"]

1. c4 e5 2. d3 Nc6 3. Nf3 Nf6 4. a3 d5 5. cxd5 Nxd5 6. e4 Nb6 7. Be2 Be7 8. Be3 ({RR} 8. O-O O-O 9. Be3 Bf6 10. b4 Re8 11. Nbd2 a5 12. b5 Nd4 13. a4 Nd7 14. Rc1 Nxe2+ 15. Qxe2 b6 16. d4 exd4 17. Nxd4 Nc5 18. Rxc5 bxc5 19. Nc6 Qd7 20. Nb3 Bd4 21. Bxd4 cxd4 22. Nbxd4 Qd6 {Keymer,V (2721)-Martirosyan,H (2661) Biel SUI 2024 0-1 (47)}) 8... O-O 9. Nbd2 ({RR} 9. O-O f5 10. b4 a6 11. Nbd2 Kh8 12. Rc1 f4 13. Bc5 g5 14. d4 g4 15. Nxe5 Nxe5 16. dxe5 f3 17. Nxf3 gxf3 18. Qxd8 Bxd8 19. Bxf8 fxe2 20. Rfe1 Bd7 21. Bh6 Bb5 22. f4 Na4 23. Kf2 Nb2 {Supi,L (2571)-Seemann,J (2462) Abu Dhabi UAE 2024 0-1 (38)}) 9... a5 10. Rc1 Be6 $146 ({RR} 10... a4 11. Rxc6 bxc6 12. Nxe5 Bf6 13. Nxc6 Qe8 14. Qc2 Bxb2 15. Qxb2 Qxc6 16. O-O Ba6 17. Rc1 Qd7 18. Nf3 f6 19. Nd4 Kh8 20. h3 Rab8 21. Qc3 c5 22. Qxc5 Rfc8 23. Nc6 Rb7 24. Bg4 {1-0 (24) Fedoseev,V (2678)-Najer,E (2648) Chess.com INT 2020}) 11. h4 a4 12. Ng5 Bc8 13. g3 Nd4 14. Bg4 f5 15. Bh3 h6 16. Qh5 Qe8 17. Qxe8 Rxe8 18. Ngf3 Nxf3+ 19. Nxf3 fxe4 20. dxe4 Bxh3 21. Rxh3 Bd6 22. h5 Nd7 23. g4 Nf6 24. g5 hxg5 25. Nxg5 Kf8 26. Bc5 Rac8 27. Bxd6+ cxd6 28. Rhc3 Rxc3 29. Rxc3 Nxh5 30. Rc7 Re7 31. Rc8+ Re8 32. Rc7 Re7 1/2-1/2

[Event "45th FIDE Chess Olympiad Open"]
[Site "Budapest, Hungary"]
[Date "2024.09.13"]
[Round "3.62"]
[White "Sargsyan, Shant"]
[Black "Fier, Alexandr"]
[Result "1-0"]
[WhiteElo "2649"]
[BlackElo "2551"]
[PlyCount "121"]
[EventDate "2024.??.??"]
[WhiteTeam "Armenia"]
[BlackTeam "Brazil"]
[WhiteTeamCountry "ARM"]
[BlackTeamCountry "BRA"]
[WhiteClock "0:19:22"]
[BlackClock "0:46:09"]

1. e4 c5 2. Nf3 e6 3. d4 cxd4 4. Nxd4 Nc6 5. Nc3 Qc7 6. Ncb5 Qb8 7. Bd3 a6 8. Nxc6 bxc6 9. Nd4 Ne7 10. O-O c5 11. Nf3 Ng6 $146 ({RR} 11... Bb7 12. c3 Ng6 13. Rb1 Be7 14. b4 O-O 15. a4 Qc7 16. Re1 d5 17. bxc5 dxe4 18. Rxb7 Qxb7 19. Bxe4 Qc7 20. Bxa8 Rxa8 21. Be3 Bxc5 22. Bxc5 Qxc5 23. Qd3 Qc6 24. Re4 Rc8 25. h3 h6 26. a5 {Praggnanandhaa,R (2747)-Firouzja,A (2760) Toronto CAN 2024 ½-½ (40)}) 12. b3 Be7 13. Bb2 Bf6 14. Bxf6 gxf6 15. Qd2 Rg8 16. Rfe1 Bb7 17. Rad1 Bc6 18. Qe3 Ne5 19. Nxe5 Qxe5 20. g3 a5 21. a4 Ke7 22. Bc4 Bb7 23. Bd5 Bxd5 24. Qxc5+ Qd6 25. Rxd5 Qxc5 26. Rxc5 Rgc8 27. Rxc8 Rxc8 28. Re2 Rc5 29. f4 Kd6 30. Kf2 Rc3 31. Ke1 Kc6 32. e5 f5 33. Rf2 d5 34. exd6 Kxd6 35. Kd2 Rc8 36. Rf3 Rg8 37. Rd3+ Kc6 38. Kc3 f6 39. Kc4 Rc8 40. c3 Kb6+ 41. Kd4 Ra8 42. Re3 Rd8+ 43. Kc4 Rc8+ 44. Kd3 Rd8+ 45. Kc2 Re8 46. Rd3 Kc6 47. b4 axb4 48. cxb4 e5 49. Rc3+ Kb7 50. a5 exf4 51. gxf4 Re4 52. Kb3 Rxf4 53. Rh3 Rf1 54. Ka4 Kc6 55. Rc3+ Kb7 56. Kb5 Re1 57. a6+ Kb8 58. Kb6 Re8 59. b5 f4 60. a7+ Ka8 61. Ka6 1-0

[Event "45th FIDE Chess Olympiad Open"]
[Site "Budapest, Hungary"]
[Date "2024.09.13"]
[Round "3.63"]
[White "Quintiliano, Renato R."]
[Black "Sargissian, Gabriel"]
[Result "1/2-1/2"]
[WhiteElo "2499"]
[BlackElo "2646"]
[PlyCount "69"]
[EventDate "2024.??.??"]
[WhiteTeam "Brazil"]
[BlackTeam "Armenia"]
[WhiteTeamCountry "BRA"]
[BlackTeamCountry "ARM"]
[WhiteClock "0:05:15"]
[BlackClock "0:17:08"]

1. d4 d5 2. c4 e6 3. Nf3 Nf6 4. g3 Be7 5. Bg2 O-O 6. O-O dxc4 7. Qc2 a6 8. a4 Bd7 9. Qxc4 Bc6 10. Bg5 Nbd7 11. Nc3 h6 12. Bxf6 Nxf6 13. a5 Qd6 14. Rfd1 Rfd8 15. e3 Rab8 ({RR} 15... Rac8 16. Qe2 Bxf3 17. Bxf3 c6 18. Ra4 g6 19. Rc4 Qc7 20. b4 Nd5 21. Qb2 Nxc3 22. Qxc3 Bf6 23. Qc2 Qd7 24. Kg2 Kg7 25. h4 h5 26. Qb3 Qe8 27. Rcc1 Rd6 28. Rd3 Rcd8 29. Be4 Qe7 30. Rcd1 {Giri,A (2776)-Grischuk,A (2778) Zagreb 2021 ½-½ (34)}) 16. Qe2 Bf8 17. h4 Qe7 18. Bf1 $146 ({RR} 18. e4 Qb4 19. Qc2 Rbc8 20. Bh3 Rb8 21. Bg2 Rbc8 22. Bh3 Rb8 23. Bg2 {½-½ (23) Matlakov,M (2662)-Sargissian,G (2672) chess.com INT 2024}) ({RR} 18. Qc2 Rbc8 19. Rd2 Rb8 20. Rdd1 Rbc8 21. Qb3 Qb4 22. Qa2 Bd5 23. Nxd5 exd5 24. Ne5 c6 25. Nd3 Qd6 26. Nc5 Qc7 27. b4 Re8 28. Re1 Bd6 29. Bf3 Re7 30. Kg2 Rce8 31. Re2 Qc8 32. Qc2 g6 {Muradli,M (2561)-Sargsyan,S (2637) Sharjah UAE 2024 0-1 (59)}) ({RR} 18. Rd2 Ne4 19. Rc2 Nf6 20. Rcc1 Be8 21. Na4 Bb5 22. Qc2 c6 23. Nc3 Nd5 24. Nxb5 axb5 25. Ne5 Nb4 26. Qe2 Ra8 27. Be4 Ra6 28. Qf3 Qf6 29. Qh5 Bd6 30. f4 Nd5 31. Qf3 Bxe5 32. dxe5 Qe7 {Gukesh,D (2758)-Grischuk,A (2732) Kolkata IND 2023 ½-½ (97)}) 18... Be8 19. e4 Rbc8 20. d5 e5 21. Bh3 Rb8 22. Nd2 c6 23. Nc4 Qc7 24. Qd3 cxd5 25. exd5 Bb5 26. Nxb5 axb5 27. Ne3 Qc5 28. Bf1 b4 29. Qb3 Rbc8 30. a6 bxa6 31. Rxa6 Ne4 32. Bg2 Qb5 33. Bf1 Qc5 34. Bg2 Qb5 35. Bf1 1/2-1/2

[Event "45th FIDE Chess Olympiad Open"]
[Site "Budapest, Hungary"]
[Date "2024.09.13"]
[Round "3.64"]
[White "Grigoryan, Karen H."]
[Black "Di Berardino, Diego Rafael"]
[Result "1-0"]
[WhiteElo "2569"]
[BlackElo "2472"]
[PlyCount "81"]
[EventDate "2024.??.??"]
[WhiteTeam "Armenia"]
[BlackTeam "Brazil"]
[WhiteTeamCountry "ARM"]
[BlackTeamCountry "BRA"]
[WhiteClock "0:12:05"]
[BlackClock "0:01:06"]

1. Nf3 c5 2. e4 d6 3. d4 cxd4 4. Nxd4 Nf6 5. Nc3 a6 6. Be3 e5 7. Nb3 Be7 8. h3 Be6 9. Qf3 Nbd7 10. O-O-O Rc8 11. Nd5 Bxd5 12. exd5 O-O ({RR} 12... Nb6 13. g4 Qc7 14. c3 Nc4 15. g5 Nxb2 16. Kxb2 Qxc3+ 17. Kb1 Qc2+ 18. Ka1 Qc3+ 19. Kb1 Qc2+ 20. Ka1 {½-½ (20) Aizenberg,B (2409)-Gurel,E (2578) Orosei ITA 2024}) 13. g4 Nb6 $146 ({RR} 13... Qc7 14. c3 e4 15. Qg2 Nb6 16. Bxb6 Qxb6 17. g5 Nd7 18. Qxe4 Bxg5+ 19. Kb1 Bf6 20. Bd3 g6 21. h4 Nc5 22. Qf3 Bxc3 23. Bxg6 fxg6 24. Qxc3 Nxb3 25. Qxb3 Qxb3 26. axb3 Rxf2 27. h5 Rcc2 28. hxg6 {Castro Torres,J (2326)-Sonis,F (2543) Chennai 2022 0-1 (35)}) 14. g5 Qc7 15. c3 Nfd7 16. Qg4 a5 17. Nxa5 Ra8 18. Qb4 Nc5 19. Kb1 Nbd7 20. Nb3 Ra4 21. Qb5 Rfa8 22. Nxc5 Nxc5 23. Bxc5 dxc5 24. d6 Bxd6 25. a3 c4 26. Bg2 R4a7 27. Kc2 g6 28. Rhe1 Qe7 29. f4 Qe6 30. Qd5 Qxd5 31. Rxd5 Bc7 32. Rd7 Rc8 33. fxe5 b5 34. Bd5 Rd8 35. e6 fxe6 36. Rxe6 Kf8 37. Ree7 Rxd7 38. Rxd7 Bb6 39. Rxa7 Bxa7 40. Bc6 Be3 41. Bxb5 1-0

[Event "45th FIDE Chess Olympiad Open"]
[Site "Budapest, Hungary"]
[Date "2024.09.13"]
[Round "3.66"]
[White "Blomqvist, Erik"]
[Black "Shevchenko, Kirill"]
[Result "1-0"]
[WhiteElo "2491"]
[BlackElo "2673"]
[PlyCount "69"]
[EventDate "2024.??.??"]
[WhiteTeam "Sweden"]
[BlackTeam "Romania"]
[WhiteTeamCountry "SWE"]
[BlackTeamCountry "ROU"]
[WhiteClock "0:01:54"]
[BlackClock "0:01:13"]

1. e4 c5 2. Nc3 Nc6 3. Nf3 d6 4. d4 cxd4 5. Nxd4 Nf6 6. Bg5 e6 7. Qd2 a6 8. O-O-O Bd7 9. Nxc6 Bxc6 10. f3 Be7 11. Kb1 ({RR} 11. h4 Qa5 12. Kb1 Rc8 13. Bd3 h6 14. Be3 Qc7 15. g4 Nd7 16. g5 hxg5 17. hxg5 Rxh1 18. Rxh1 Ne5 19. Be2 b5 20. f4 b4 21. Nd5 Bxd5 22. exd5 Nc4 23. Bxc4 Qxc4 24. dxe6 fxe6 25. Re1 Qe4 {Wang,H (2722)-Guseinov,G (2661) Shusha 2022 1-0 (64)}) 11... Qc7 12. h4 h6 ({RR} 12... h5 13. Ne2 b5 14. Nd4 Bd7 15. Bd3 Qb6 16. Be3 Qb7 17. Rhe1 b4 18. Bg5 Qb6 19. Bc4 Qc7 20. Bd3 a5 21. f4 Qb6 22. Nf3 Ng4 23. Bxe7 Kxe7 24. e5 Rh6 25. exd6+ Qxd6 26. f5 Kf8 27. Ng5 {Adhiban,B (2541)-Povshednyi,I (2250) San Vicente ESP 2024 1-0}) 13. Be3 b5 $146 ({RR} 13... d5 14. e5 Nd7 15. f4 b5 16. Ne2 b4 17. Nd4 Bb5 18. f5 Nxe5 19. Nxb5 axb5 20. Bxb5+ Nd7 21. fxe6 fxe6 22. Qd4 O-O 23. Qg4 Rf5 24. Bd4 Nf6 25. Bxf6 {½-½ (25) Pajeken,J (2465)-Pajcin,L (2221) Vrnjacka Banja SRB 2023}) 14. Ne2 Nd7 15. Nd4 Bb7 16. c4 bxc4 17. Bxc4 O-O 18. Rc1 Qd8 19. Bxh6 gxh6 20. Qxh6 Bf6 21. Nxe6 Qb6 22. e5 Bxe5 23. Rc2 Rab8 24. Qg5+ Kh8 25. Qh5+ Kg8 26. Nxf8 Rxf8 27. Qg4+ Bg7 28. Qxd7 Bc8 29. Bxf7+ Kh8 30. Qc7 Qd4 31. Bg6 Be6 32. h5 Bg8 33. Qb7 Bf6 34. Rc7 Bd5 35. Rh7+ 1-0

[Event "45th FIDE Chess Olympiad Open"]
[Site "Budapest, Hungary"]
[Date "2024.09.13"]
[Round "3.67"]
[White "Lupulescu, Constantin"]
[Black "Lokander, Martin"]
[Result "1/2-1/2"]
[WhiteElo "2590"]
[BlackElo "2469"]
[PlyCount "115"]
[EventDate "2024.??.??"]
[WhiteTeam "Romania"]
[BlackTeam "Sweden"]
[WhiteTeamCountry "ROU"]
[BlackTeamCountry "SWE"]
[WhiteClock "0:04:44"]
[BlackClock "0:09:36"]

1. d4 Nf6 2. Nf3 c5 3. d5 b5 4. Bg5 g6 5. Bxf6 exf6 6. e4 b4 7. a3 Bg7 8. axb4 cxb4 9. c3 O-O 10. Bd3 f5 $146 ({RR} 10... bxc3 11. Nxc3 d6 12. O-O Bg4 13. h3 Bxf3 14. Qxf3 Nd7 15. Bb5 Nc5 16. Bc6 Rb8 17. Rxa7 Rxb2 18. Na4 Nxa4 19. Rxa4 Qe7 20. Qa3 Rfb8 21. Ra8 Bf8 22. Qa7 Qxa7 23. Rxa7 Re2 24. Rb7 Rxb7 25. Bxb7 {Serrano Salvador,E (2261)-Alsina Leal,D (2514) Prague 2022 0-1 (53)}) 11. exf5 Re8+ 12. Kf1 Qb6 13. fxg6 fxg6 14. h4 bxc3 15. bxc3 Ba6 16. Ra2 Bxd3+ 17. Qxd3 a5 18. Nbd2 Na6 19. d6 Nc5 20. Qd5+ Ne6 21. g3 a4 22. Kg2 Bxc3 23. h5 Qc5 24. Qd3 Bxd2 25. Nxd2 gxh5 26. Nf3 Ra5 27. Rh4 a3 28. Rc4 Qb5 29. Qc3 Qd5 30. Rd2 Qa8 31. Ra2 Rf8 32. Qb3 Qd5 33. Rc3 Qxd6 34. Rxa3 Raf5 35. Rd3 Qc6 36. Rc3 Qe4 37. Ra4 Qd5 38. Qxd5 Rxd5 39. Rca3 Rdf5 40. Ra5 Nc5 41. Ra2 Ne4 42. Rxf5 Rxf5 43. Ra7 Nf6 44. Ra2 Rd5 45. Ng1 Kf7 46. Ne2 Rf5 47. Ra4 Rg5 48. Kh3 Rg4 49. Ra5 Rb4 50. Ra2 Ne4 51. Kg2 Nc5 52. Rd2 h4 53. Rd5 d6 54. gxh4 Rxh4 55. Rxd6 Ne6 56. Ra6 Rc4 57. Ra7+ Rc7 58. Rxc7+ 1/2-1/2

[Event "45th FIDE Chess Olympiad Open"]
[Site "Budapest, Hungary"]
[Date "2024.09.13"]
[Round "3.68"]
[White "Pantzar, Milton"]
[Black "Nisipeanu, Liviu-Dieter"]
[Result "1/2-1/2"]
[WhiteElo "2437"]
[BlackElo "2580"]
[PlyCount "56"]
[EventDate "2024.??.??"]
[WhiteTeam "Sweden"]
[BlackTeam "Romania"]
[WhiteTeamCountry "SWE"]
[BlackTeamCountry "ROU"]
[WhiteClock "0:02:15"]
[BlackClock "0:04:44"]

1. d4 Nf6 2. c4 e6 3. Nc3 Bb4 4. e3 b6 5. Nge2 Ne4 6. Qc2 Bb7 7. a3 Bxc3+ 8. Nxc3 Nxc3 9. Qxc3 d6 10. h4 ({RR} 10. b3 Qh4 11. Bb2 Be4 12. Qd2 g5 13. h3 g4 14. O-O-O Rg8 15. Qe2 Qh5 16. Rg1 Nd7 17. Qe1 gxh3 18. Be2 Qh6 19. gxh3 O-O-O 20. Rg4 f5 21. Rxg8 Rxg8 22. h4 Rg2 23. h5 f4 24. f3 Qxh5 {Erigaisi,A (2722)-Rapport,R (2740) Wijk aan Zee NED 2023 0-1}) 10... Qf6 $146 ({RR} 10... Nd7 11. f3 f5 12. b3 a5 13. Bb2 Qf6 14. Be2 Qg6 15. Kf2 Nf6 16. Rh3 O-O 17. Rah1 Nh5 18. Rg1 Rae8 19. Bd3 e5 20. g4 Nf6 21. Bxf5 {1-0 (21) Navara,D (2674)-Skliarov,V (2345) chess.com INT 2024}) ({RR} 10... Nd7 11. b3 Qe7 12. Bb2 f5 13. f3 Rg8 14. O-O-O O-O-O 15. b4 h6 16. h5 Nf6 17. Bd3 Kb8 18. Kb1 Qe8 19. a4 Qxa4 20. b5 a6 21. Bc2 Qa5 22. Qxa5 bxa5 23. bxa6 Bxa6 24. Bd3 Nd7 25. c5 {Tabatabaei,M (2677)-Theodorou,N (2584) chess.com INT 2023 ½-½ (60)}) 11. b3 c5 12. Bb2 cxd4 13. exd4 O-O 14. h5 h6 15. Rh3 Nd7 16. Be2 Bxg2 17. Rg3 Be4 18. Qe3 d5 19. O-O-O Kh8 20. Rdg1 Rg8 21. Bc3 a5 22. a4 Rac8 23. Kb2 Qd8 24. Qf4 Qf6 25. Qe3 Qd8 26. Qf4 Qf6 27. Qe3 Qe7 28. Qf4 Qf6 1/2-1/2

[Event "45th FIDE Chess Olympiad Open"]
[Site "Budapest, Hungary"]
[Date "2024.09.13"]
[Round "3.69"]
[White "Makhnev, Denis"]
[Black "Le, Quang Liem"]
[Result "0-1"]
[WhiteElo "2551"]
[BlackElo "2741"]
[PlyCount "86"]
[EventDate "2024.??.??"]
[WhiteTeam "Kazakhstan"]
[BlackTeam "Vietnam"]
[WhiteTeamCountry "KAZ"]
[BlackTeamCountry "VIE"]
[WhiteClock "0:23:45"]
[BlackClock "0:35:04"]

1. d4 Nf6 2. c4 e6 3. g3 d5 4. Nf3 Be7 5. Bg2 O-O 6. O-O dxc4 7. Qc2 a6 8. a4 Bd7 9. Qxc4 Bc6 10. Bg5 Nbd7 11. Nc3 h6 12. Bxf6 Nxf6 13. Rfe1 Bd5 14. Nxd5 exd5 15. Qb3 Rb8 16. a5 c6 17. Ne5 Bd6 18. Nd3 Re8 $146 ({RR} 18... Qe7 19. e3 Rfe8 20. Qc2 Rbc8 21. Ra4 g6 22. b4 Nd7 23. Nc5 Nf8 24. Raa1 f5 25. Qb3 Kh7 26. Rac1 Rc7 27. Nd3 Nd7 28. Rc2 Nf6 29. Rec1 Qg7 30. b5 axb5 31. a6 Qd7 32. axb7 Rb8 33. Ne5 {Zontakh,A (2507)-Myshkovskiy,S (2046) St Petersburg 2018 1-0 (40)}) 19. Qc2 Re7 20. b4 Qc7 21. Nc5 Rbe8 22. e3 g6 23. Re2 h5 24. Rae1 h4 25. Qd3 Kg7 26. Rc1 Qc8 27. Ree1 Rh8 28. Qd1 Qf5 29. Qf3 Qg5 30. Rb1 Rh5 31. Rb2 hxg3 32. hxg3 Qh6 33. Qd1 Rh2 34. f4 Bxc5 35. bxc5 Ne4 36. Qf3 g5 37. Ree2 Rh5 38. Bf1 gxf4 39. gxf4 Re6 40. f5 Rf6 41. Rh2 Rfxf5 42. Rxh5 Rxh5 43. Rxb7 Rh1+ 0-1

[Event "45th FIDE Chess Olympiad Open"]
[Site "Budapest, Hungary"]
[Date "2024.09.13"]
[Round "3.70"]
[White "Nguyen, Ngoc Truong Son"]
[Black "Nogerbek, Kazybek"]
[Result "1/2-1/2"]
[WhiteElo "2633"]
[BlackElo "2519"]
[PlyCount "59"]
[EventDate "2024.??.??"]
[WhiteTeam "Vietnam"]
[BlackTeam "Kazakhstan"]
[WhiteTeamCountry "VIE"]
[BlackTeamCountry "KAZ"]
[WhiteClock "0:28:27"]
[BlackClock "0:39:04"]

1. d4 d5 2. c4 e6 3. Nc3 Nf6 4. cxd5 exd5 5. Bg5 Be7 6. e3 h6 7. Bh4 Bg4 8. Qc2 O-O 9. h3 Be6 10. Nf3 Nbd7 11. Bd3 Ne8 $146 ({RR} 11... c6 12. O-O Ne8 13. Bg3 Rc8 14. Rad1 a6 15. Qb1 Qa5 16. Ne2 Ndf6 17. Nf4 Bd7 18. Ne5 Nd6 19. Nxd7 Nxd7 20. f3 Nc4 21. Bxc4 dxc4 22. e4 Nf6 23. Ne2 Rfe8 24. Kh1 Rcd8 25. Be1 Bb4 26. Bh4 {Vetoshko,V (2505)-Mouhamad,J (2311) Budapest HUN 2024 1-0 (67)}) ({RR} 11... c6 12. Bg3 c5 13. dxc5 Nxc5 14. Be5 Nxd3+ 15. Qxd3 Nd7 16. Bd4 Rc8 17. O-O Nc5 18. Qe2 Qa5 19. Rfd1 Rfd8 20. Ne5 Bd6 21. Qh5 Bf8 22. Nd3 Nxd3 23. Rxd3 b5 24. f4 f6 25. f5 Bf7 26. Qg4 {Hesham,A (2366)-Mouhamad,J (2269) Budapest HUN 2024 ½-½ (49)}) 12. Bg3 Bd6 13. O-O Bxg3 14. fxg3 Nd6 15. g4 c6 16. Rae1 Qe7 17. e4 dxe4 18. Nxe4 Nxe4 19. Bxe4 Rae8 20. Bh7+ Kh8 21. Bf5 Qd6 22. Bxe6 Rxe6 23. Qa4 Rxe1 24. Rxe1 a6 25. Qb3 b5 26. Qc2 c5 27. dxc5 Qxc5+ 28. Qxc5 Nxc5 29. Re7 Nd3 30. Ne5 1/2-1/2

[Event "45th FIDE Chess Olympiad Open"]
[Site "Budapest, Hungary"]
[Date "2024.09.13"]
[Round "3.71"]
[White "Suleymenov, Alisher"]
[Black "Le, Tuan Minh"]
[Result "1/2-1/2"]
[WhiteElo "2484"]
[BlackElo "2564"]
[PlyCount "139"]
[EventDate "2024.??.??"]
[WhiteTeam "Kazakhstan"]
[BlackTeam "Vietnam"]
[WhiteTeamCountry "KAZ"]
[BlackTeamCountry "VIE"]
[WhiteClock "0:04:11"]
[BlackClock "0:17:23"]

1. d4 Nf6 2. c4 e6 3. g3 d5 4. Bg2 Be7 5. Nf3 O-O 6. O-O dxc4 7. Qc2 a6 8. a4 Bd7 9. Rd1 Bc6 10. Nc3 Bxf3 11. Bxf3 Nc6 12. Bxc6 bxc6 13. a5 Nd5 14. Na2 Qd7 ({RR} 14... Qb8 15. Qxc4 Qb5 16. Qxb5 cxb5 17. e4 Nf6 18. Bg5 Rfc8 19. Rac1 Kf8 20. Bxf6 Bxf6 21. e5 Be7 22. Rc6 Ke8 23. f4 Kd7 24. Rdc1 Ra7 25. R1c2 Rb8 26. Nc1 Bb4 27. Nb3 h5 28. Kf2 g6 29. Ke3 {Meier,G (2591)-Kuzubov,Y (2606) chess.com INT 2024 1-0 (61)}) 15. Qxc4 Rfb8 16. e4 Nf6 17. Qe2 $146 ({RR} 17. Qc2 Ra7 18. Nc3 Rb4 19. Qe2 Ra8 20. Be3 Qc8 21. Rd2 Qb7 22. f3 Rd8 23. Kg2 c5 24. Rad1 cxd4 25. Bxd4 Rb8 26. e5 Ne8 27. Ne4 Rb5 28. Bc3 Rd5 29. Qc4 c6 30. Bd4 Rxa5 31. Nc3 Nc7 {Papadopoulos,P (2216)-Souhardo,B (2364) Belgrade 2021 0-1 (40)}) 17... c5 18. dxc5 Qc6 19. b4 Nxe4 20. Bf4 Nf6 21. Rab1 Ra7 22. Nc3 Rab7 23. Qc4 h6 24. Be5 Nh7 25. h4 Bf6 26. Bd4 h5 27. Ne2 Qa4 28. Bc3 Bxc3 29. Nxc3 Qc6 30. Ne4 Nf6 31. Nxf6+ gxf6 32. Qc3 e5 33. Qc4 Kg7 34. Rb3 Rb5 35. Kh2 Qe6 36. Qxe6 fxe6 37. Rd7+ Kg6 38. Rxc7 Rxb4 39. Rxb4 Rxb4 40. c6 Rc4 41. Rc8 Kf5 42. c7 Ke4 43. Kg2 f5 44. Re8 Rxc7 45. Rxe6 f4 46. gxf4 Kxf4 47. Rxa6 Kg4 48. Rg6+ Kxh4 49. Rg3 Ra7 50. Ra3 Kg4 51. Ra4+ Kf5 52. Kg3 Ra6 53. Kh4 Kg6 54. Ra1 Kh6 55. Kg3 Kg5 56. Kf3 Kf5 57. Ra3 h4 58. Ra4 e4+ 59. Kg2 Kg5 60. Kh3 Kf4 61. Ra3 Kg5 62. Kh2 Kg4 63. Kg2 Kg5 64. Ra4 Kf5 65. Kh3 Kf4 66. Ra3 Kg5 67. Ra4 Kf4 68. Ra2 e3 69. fxe3+ Kxe3 70. Kxh4 1/2-1/2